El viaje : (Registro nro. 13449)

Detalles MARC
000 -LIDER
fixed length control field 01495nam a2200349 a 4500
001 - NÚMERO DE CONTROL
Identificador de número de control
003 - IDENTIFICACDOR DE NÚMERO DE CONTROL
control field DO-SdBNP
005 - DATE AND TIME OF LATEST TRANSACTION
control field 20210504113511.0
008 - ELEMENTOS DE LONGITUD FIJA
fixed length control field 090904t2003 dr 001 0 spa d
040 ## - FUENTE DE CATALOGACIÓN
Agencia que crea de manera original el registro BPMSU
Idioma de catalogación spa
Agencia que realiza la transcripción BPMSU
082 ## - NÚMERO DE CLASIFICACIÓN DECIMAL DE DEWEY
Classification number RD863.44
Item number A516v 2003
Edition number 22
100 1# - ASIENTO PRINCIPAL -- NOMBRE PERSONAL
Nombre personal Amiama, Manuel Antonio ,
Fechas asociadas con el nombre 1899-1991
245 10 - MENCIÓN DE TITULO
Título El viaje :
Subtítulo ensayo de la novela de la vida capitaleña /
Mención de responsabilidad Manuel A. Amiama ; prólogo Octavio Amiama de Castro. ;cuidado de la edición Mario Súarez
246 14 - VARIACION DEL TÍTULO
Título propiamente dicho o título corto El viaje
250 ## - MENCIÓN DE EDICION
Mención de edición 3a. ed.
260 0# - PUBLICACIÓN, DISTRIBUCIÓN, ETC. (PIE DE IMPRENTA)
Lugar de publicación, distribución, etc Santo Domingo :
Nombre del editor, distribuidor, etc. Sociedad Dominicana de Bibliófilos,
Fecha de publicación, distribución, etc 2003
300 ## - DESCRIPCIÓN FÍSICA
Extensión 251 p. ;
Dimensiones 23 cm.
490 0# - MENCIÓN DE SERIES
Mención de serie Sociedad Dominicana de Bibliófilos
-- Bibliófilos, 2000
504 ## - NOTA DE BIBLIOGRAFÍA, ETC.
Bibliography, etc Bibliografía : p. 244
505 0# - NOTA DE CONTENIDO
Texto normalizado de contenido Introducción / Mariano Mella -- Prólogo / Octavio Amiama de Castro --<br/>El viaje: novela -- Cronología de Manuel A. Amiama y los principales acontecimientos nacionales -- Bibliografía.
590 ## - NOTA LOCAL
Enlace Inventariado, 2021/VM
650 #4 - ENCABEZAMIENTO DE MATERIA--TEMÁTICO
Término temático o nombre geográfico como elemento de entrada Novela dominicana
Subdivisión temática general Historia y crítica
650 #4 - ENCABEZAMIENTO DE MATERIA--TEMÁTICO
Término temático o nombre geográfico como elemento de entrada Novela
Subdivisión de forma Ensayos
Subdivisión cronológica 1923-1940
650 #4 - ENCABEZAMIENTO DE MATERIA--TEMÁTICO
Término temático o nombre geográfico como elemento de entrada Literatura dominicana
Subdivisión temática general Crítica e interpretación
651 #4 - ENCABEZAMIENTO DE MATERIA--NOMBRE GEOGRÁFICO
Nombre geográfico Santo Domingo (República Dominicana
Subdivisión temática general Vida Social Y Costumbres
Subdivisión de forma Novela
700 1# - ASIENTO SECUNDARIO -- NOMBRE PERSONAL
Nombre personal Súarez , Mario
Mención de responsabilidad ed.
700 1# - ASIENTO SECUNDARIO -- NOMBRE PERSONAL
Nombre personal Amiama de Castro, Octavio
Mención de responsabilidad pról.
710 2# - ASIENTO SECUNDARIO -- NOMBRE CORPORATIVO
Nombre corporativo o de jurisdicción Sociedad Dominicana de Bibliófilos (Reública Dominicana)
910 ## - VALIDACIÓN
Validación VMateo
942 ## - ADDED ENTRY ELEMENTS (KOHA)
Source of classification or shelving scheme Dewey Decimal Classification
Koha item type Libros
945 ## - INFORMACIÓN DE PROCESAMIENTO LOCAL
Información de procesamiento local Inventariado, 2017/MFF
Existencias
Withdrawn status Lost status Source of classification or shelving scheme Damaged status Not for loan Collection code Home library Current library Date acquired Source of acquisition Full call number Barcode Date last seen Price effective from Koha item type
    Dewey Decimal Classification     Colección Dominicana Biblioteca Pública Metropolitana Salomé Ureña Biblioteca Pública Metropolitana Salomé Ureña 05/04/2021 Raquel Martínez BPMSU CD RD863.44 A516v 2003 BPMSU21050002 05/04/2021 05/04/2021 Libros